000
00313pab a2200121 454500
008
180718b xxu||||| |||| 00| 0 eng d
100
_a
Faruqi, M.A
245
_a
Drought or drought-like conditions prevailing in U.P. decennial observation
650
_a
UP
650
_a
Drought
773
_a
Civic Affairs
909
_a
115
999
_c
115
_d
115